000 00826nam a2200289Ia 4500
001 60383
003 IT-RoPAU
008 130308s9999 xx 000 0 und d
040 _aIT-RoPAU
040 _cIT-RoPAU
041 _aFRANCESE
100 _aSoulez Antonia
100 _gCodice Aut. SPICS: 21575
245 _aQue reste-t-Il de la philosophie apres ledepassement de toute la metaphysique? Carnap et Heidegger
245 _bCercle de Vienne (Le)-Doctrines et Controverses
250 _a1a ed.
260 _aPARIS
260 _bKlincksieck
260 _c1986 [1° Ed.:1986 - Ed.Ling.Originale:1983]
300 _a"20 p. (prefazione: no ; testo: 20 [pagine: 149-168])"
650 _aEPISTEMOLOGIA
650 _eCodice materia Spics: 3051
942 _cBK
957 _71
999 _c38830
_d38830
999 _bSI
999 _g1